| 000 | 00838cam a22002531 4500 | ||
|---|---|---|---|
| 001 | 7977946 | ||
| 003 | GBCCL | ||
| 005 | 20241126110357.0 | ||
| 008 | 760228s1964 moub b 001 0 eng | ||
| 010 | _a 63021161 | ||
| 015 | _aGB64-20337 | ||
| 035 | _a(OCoLC)2019524 | ||
| 040 |
_aDLC _cViW _dWHi _dUk _dDLC |
||
| 050 | 0 | 0 |
_aBX8061.M7 _bM42 |
| 082 | 0 | 0 |
_a284.1322 _221 _bMOV |
| 100 | 1 |
_aMeyer, Carl Stamm, _d1907- _92372 |
|
| 245 | 1 | 0 |
_aMoving frontiers, _breadings in the history of the Lutheran Church-Missouri Synod. _cEdited by Carl S. Meyer. |
| 260 |
_aSt. Louis, _bConcordia Pub. House, _c[1964] |
||
| 300 |
_axii, 500 p. _bmaps (part fold.) _c25 cm. |
||
| 504 | _aBibliography: p. [443]-449. | ||
| 610 | 2 | 0 |
_aLutheran Church--Missouri Synod _xHistory. _92373 |
| 906 |
_a7 _bcbc _coclcrpl _du _encip _f19 _gy-gencatlg |
||
| 942 |
_2ddc _cBK |
||
| 999 |
_c1250 _d1250 |
||